| Поле | Инд. | ПП | Название | Значение |
|---|---|---|---|---|
| Тип записи | a | |||
| Библиографический уровень | m | |||
| 001 | Контрольный номер | 1fe672bc-79d1-46e9-b236-2368f32e4c8f | ||
| 005 | Дата корректировки | 20140703132319.5 | ||
| 008 | Кодируемые данные | 041220 | ||
| 020 | c | Цена, тираж | б/ц | |
| 040 | a | Служба первич. каталог. | НБ ТвГУ | |
| 041 | a | Код языка текста | rus | |
| 080 | a | Индекс УДК | 800(043.3) | |
| 084 | a | Индекс другой классификации/Индекс ББК | Ш100.12я031 | |
| 090 | x | Авторский знак | К61 | |
| a | Полочн. индекс | Ш100.1 | ||
| 100 | 1_ | a | Автор | Колосов Сергей Александрович |
| 245 | 10 | a | Заглавие | Конструирование социальной ненависти в дискурсе |
| b | Продолж. заглавия | автореф. дис. ... канд. филол. наук : 10.02.19 | ||
| c | Ответственность | Твер. гос. ун-т, Каф. теории яз. и межкультур. коммуникации | ||
| 260 | 1_ | a | Место издания | Тверь |
| c | Дата издания | 2004 | ||
| 300 | a | Объем | 19 с., включ. обл. | |
| b | Иллюстрации/ тип воспроизводства | ил. | ||
| 500 | a | Примечание | На правах рукоп. | |
| 504 | a | Библиография | Библиогр.: с. 19. | |
| 583 | a | Действие | Получение впервые 7 25.01.2005 | |
| 650 | a | Основная рубрика | Языкознание | |
| 650 | a | Основная рубрика | Социолингвистика | |
| 653 | a | Ключевые слова | Языкознание | |
| a | Ключевые слова | Социолингвистика | ||
| a | Ключевые слова | Дискурс | ||
| a | Ключевые слова | Речевая коммуникация | ||
| a | Ключевые слова | Ненависть, концепт | ||
| a | Ключевые слова | Авторефераты | ||
| a | Ключевые слова | Труды Тверского государственного университета | ||
| 710 | a | Организация/ юрисдикция | Тверской государственный университет | |
| 852 | t | Порядковый номер экземпляра | 2 | |
| p | Инвентарный номер | б/н | ||
| 888 | a | Бесплатные | ||
| 930 | a | Новая/Ретро | авторефераты | |
| 952 | p | 7.2005 б/ц 2 б/н | ||
| c | Вид литературы | А/Р н | ||
| 954 | a | Дата поступления на обработку | 20050128 | |
| 999 | a | Подразделение 2 | ч.з. |